00000000nam##2200000za#4500
0019.615724
003CaOODSP
00520250319164513
007ta
008150406|2001||||xxc|||||     f|0| 0 eng|d
020 |a0-662-30932-4
040 |aCaOODSP|beng
043 |an-cn---
0861 |aH39-590/2001E
1101 |aCanada.|bHealth Canada. |bPopulation and Public Health Branch.
24510|aSeniors and technology / |cIssued by the National Advisory Council on Aging.
260 |aOttawa - Ontario : |bHealth Canada. |c2001.
300 |a67p. : |bgraphs, references ; |c28 cm.
4901 |aWritings in gerontology|v17
563 |aSoftcover
590 |a01-44|b2001-11-02
69007|aTechnology|2gcpds
69007|aSeniors|2gcpds
7760#|tSeniors and technology |w(CaOODSP)9.566116
830#0|aWritings in gerontology ;|v17|w(CaOODSP)9.514739